| Tag |
First Indicator |
Second Indicator |
Subfields |
| LEADER |
00000cam a2200000 a 4500 |
| 001 |
in00000033118 |
| 005 |
20151007055126.0 |
| 008 |
880602m19889999au a b i10010 eng d |
| 020 |
|
|
|a 9200500889 (v. 1)
|
| 035 |
|
|
|a (OCoLC)18030412
|
| 035 |
|
|
|9 AAB7331AM
|
| 040 |
|
|
|a TXA
|c TXA
|d VPI
|d TXA
|d UtOrBLW
|
| 049 |
|
|
|a TXAM
|v 1 [A11110475]
|v 2 [A11180488]
|v 3 [A11180535]
|v 4 [A11180585]
|v 5 [A11180632]
|v 6 [A11180682]
|
| 050 |
|
4 |
|a TK1078
|b .I58 1987
|
| 111 |
2 |
|
|a International Conference on Nuclear Power Performance and Safety
|c (Vienna, Austria)
|
| 245 |
1 |
0 |
|a Nuclear power performance and safety :
|b proceedings of an International Conference on Nuclear Power Performance and Safety /
|c organized by the International Atomic Energy Agency and held in Vienna, 28 September - 2 October 1987.
|
| 264 |
|
1 |
|a Vienna :
|b The Agency,
|c 1988-
|
| 300 |
|
|
|a 6 volumes :
|b illustrations ;
|c 24 cm.
|
| 336 |
|
|
|a text
|b txt
|2 rdacontent
|
| 337 |
|
|
|a unmediated
|b n
|2 rdamedia
|
| 338 |
|
|
|a volume
|b nc
|2 rdacarrier
|
| 490 |
1 |
|
|a Proceedings series
|
| 500 |
|
|
|a "STI/PUB/762."
|
| 504 |
|
|
|a Includes bibliographical references.
|
| 505 |
1 |
|
|a v. 1. Performance, overview and prospects.
|
| 650 |
|
0 |
|a Nuclear energy
|v Congresses.
|
| 650 |
|
0 |
|a Nuclear power plants
|v Congresses.
|
| 710 |
2 |
|
|a International Atomic Energy Agency.
|
| 830 |
|
0 |
|a Proceedings series (International Atomic Energy Agency)
|
| 999 |
|
|
|a MARS
|
| 999 |
f |
f |
|s 8128cfd3-7c44-3cd0-9fcf-520ebae10467
|i 8ba9f9b2-84e1-3be8-9063-d54de6975b66
|t 0
|
| 952 |
f |
f |
|p ric
|a Texas A&M University
|b Rellis Campus
|c Joint Library Facility
|d Remote Storage
|t 0
|e TK1078 .I58 1987
|h Library of Congress classification
|i unmediated -- volume
|k v.6
|m A14811180682
|
| 952 |
f |
f |
|p ric
|a Texas A&M University
|b Rellis Campus
|c Joint Library Facility
|d Remote Storage
|t 0
|e TK1078 .I58 1987
|h Library of Congress classification
|i unmediated -- volume
|k v.2
|m A14811180488
|
| 952 |
f |
f |
|p ric
|a Texas A&M University
|b Rellis Campus
|c Joint Library Facility
|d Remote Storage
|t 0
|e TK1078 .I58 1987
|h Library of Congress classification
|i unmediated -- volume
|k v.1
|m A14811110475
|
| 952 |
f |
f |
|p ric
|a Texas A&M University
|b Rellis Campus
|c Joint Library Facility
|d Remote Storage
|t 0
|e TK1078 .I58 1987
|h Library of Congress classification
|i unmediated -- volume
|k v.5
|m A14811180632
|
| 952 |
f |
f |
|p ric
|a Texas A&M University
|b Rellis Campus
|c Joint Library Facility
|d Remote Storage
|t 0
|e TK1078 .I58 1987
|h Library of Congress classification
|i unmediated -- volume
|k v.3
|m A14811180535
|
| 952 |
f |
f |
|p ric
|a Texas A&M University
|b Rellis Campus
|c Joint Library Facility
|d Remote Storage
|t 0
|e TK1078 .I58 1987
|h Library of Congress classification
|i unmediated -- volume
|k v.4
|m A14811180585
|
| 998 |
f |
f |
|a TK1078 .I58 1987
|s v.1-v.6
|t 0
|l Remote Storage
|